LEADER 01228nam a2200277 i 4500 001 000000040057 003 CaOOAMICUS 005 19931231000000.0 008 931231s1993 fr u000 u mul u 013 $a11215 020 $a2-204-04857-7 040 $aSeMil$bita 100 1 $aHermias,$d.$0(OLS)http://semarc/name/19523 245 10$aSatire des philosophes païens /$cHermias ; introduction, texte critique, notes, appendices et index par R.P.C. Hanson et ses collègues ; traduction française par Denise Joussot. 260 $aParis :$bLes Éditions du Cerf,$c1993. 300 $a148 p. ;$c20 cm. 490 0 $aSources Chrétiennes ;$vN°388 500 $aTesto greco a fronte. 700 1 $aJoussot, Denise.$0(OLS)http://semarc/name/19524 830 0$aSources chrétiennes ;$vN°388.$0(OLS)http://semarc/title/72 850 $aSeMil 852 $aSeMil$W1$xVenegono$y1$mSL1.T VIII 388$j6212$B6212$CSeMilBibl$Z2$F6212 $8I 961 $aSottoscrizione: Cerf (Éditions) 996 $6020$a2-204-04857-7$9(OLS)http://semarc/number/10005 996 $6245$aSatire des philosophes païens$9(OLS)http://semarc/title/57359 996 $6260$aParis :$bLes Éditions du Cerf$9(OLS)http://semarc/publisher/29611 LEADER 01103nam a2200241 i 4500 001 000000255902 003 CaOOAMICUS 005 20210428144233.0 008 171025s1787 it u000 u fre u 013 $a234810 026 $auees s-t, 4.E. qule (7) 1787 (R) 040 $aSeMil$bita 100 0 $aFriedrich II,$c.$0(OLS)http://semarc/name/2807 245 10$a2: Memoires pour servir a l'histoire de Brandebourg. Seconde partie. 300 $a248 p. 500 $aSegn.: A-P8 Q4. 773 0 $aFriedrich II $tOeuvres complettes de Federic [sic] 2. roi de Prusse. Tome 1. [-25.].$dA Berlin : Et se vend chez Formaleoni a Venise, 1787-1792.$g2$w()11220 850 $aSeMil 852 $aSeMil$W1$xVenegono$y1$m3V I 286 FA$j206248$B206248$CSeMilBibl$Z2$F219628 $8I 852 $aSeMil$W1$xVenegono$y1$m1F IV 34 FA$j226528$B237311$CSeMilBibl$Z2$F237311 $8I 961 $aFondo Mantegazza 996 $6245$a2: Memoires pour servir a l'histoire de Brandebourg. Seconde partie$9(OLS)http://semarc/title/411957